| 000 | 00679nam a2200229Ia 4500 | ||
|---|---|---|---|
| 003 | OSt | ||
| 005 | 20260114160139.0 | ||
| 008 | 210716s2000 xx 000 0 und d | ||
| 020 | _a817296014X | ||
| 040 | _cAIMIT LIBRARY | ||
| 041 | _aeng | ||
| 082 |
_a006.62 _21 _bKRIK |
||
| 100 |
_aKrishnamurthy, K A. _9251321 |
||
| 245 |
_aMicroprocessor : _blab primer / _cBy K A Krishnamurthy. |
||
| 250 | _a1st ed. | ||
| 260 |
_aBangalore : _bInterline Publishing Pvt Ltd , _c2000. |
||
| 300 |
_a221,5p. ; _bPB _c24.5 cm |
||
| 650 |
_aThe MPS-85 kit _9251322 |
||
| 650 |
_aMicroprocessor application _9251323 |
||
| 650 |
_a8086 programs _9251324 |
||
| 942 |
_2ddc _cBK _e1st _k006.62 KRIK |
||
| 999 |
_c184688 _d184688 |
||